Disneyland Attraction Matching Quiz Stats

 Plays Quiz Updated Mar 24, 2020

Support Sporcle.
Go Orange.
Score 0/20 Timer 03:00
0 Plays Today
% Correct
Pirates of the
95.4%
The Many Adventures of
91.4%
Haunted
91.3%
Splash
87%
Buzz Lightyear
84%
Tarzan's
78.1%
Big Thunder Mountain
77.4%
Jungle
77.2%
Peter Pan's
76.6%
Mark Twain
73.6%
% Correct
Astro
71.1%
Mr. Toad's
70.9%
Matterhorn
68.4%
Indiana Jones
66.3%
Enchanted
61.7%
Snow White's
58.4%
Goofy's
55.7%
King Arthur
54.2%
Gadget's
52.5%
Pinocchio's
49.6%

From the Vault

Largest Cities with Same First Letter as State

by jonesjeffum

Their monogrammed towels will certainly look nice.
Remove Ads.
Support Sporcle.
Get the best of Sporcle when you Go Orange. This ad-free experience offers more features, more stats, and more fun while also helping to support Sporcle. Thank you for becoming a member.

Show Comments

Extras

Top Quizzes Today


Score Distribution

Your Account Isn't Verified!

In order to create a playlist on Sporcle, you need to verify the email address you used during registration. Go to your Sporcle Settings to finish the process.

Report this User

Report this user for behavior that violates our Community Guidelines.

Details: